Sanat - "Oolannin sota" - Statistics

Yleistilastot
  • Tätä visaa on pelattu 58 kertaa
  • Keskiarvotulos 40 / 73
Vastaustilastot
sanat % Oikein
oli
98%
oli
98%
sota
98%
Oolannin
96%
Oolannin
96%
kauhia
93%
se
89%
se
89%
se
89%
hurraa
83%
hurraa
83%
hurraa
83%
hurraa
83%
hurraa
83%
hurraa
83%
hurraa
83%
hurraa
83%
hurraa
83%
hurraa
83%
hurraa
83%
hurraa
83%
hurraa
83%
hurraa
83%
hurraa
83%
hurraa
83%
hurraa
83%
hurraa
83%
Ja
78%
ja
78%
ja
78%
ja
78%
engelsmanni
63%
kun
61%
seilas
59%
rannoilla
54%
kolmellasadalla
52%
laivalla
52%
Suomemme
52%
ne
37%
ne
37%
ne
37%
sunfaraa
33%
sunfaraa
33%
sunfaraa
33%
sunfaraa
33%
sunfaraa
33%
sunfaraa
33%
Suomen
33%
sunfaralla
30%
meininki
30%
Mutta
30%
raikuivat
30%
rannat
30%
sunfaralla
30%
sunfaralla
30%
vangiksi
30%
ampuivat
28%
että
28%
että
28%
ottaa
28%
sotaväki
28%
vihollisen
28%
ampua
26%
kaikuivat
26%
poijat
26%
sen
26%
murskaks
24%
muurit
22%
lallalaa
11%
lallalaa
11%
lallalaa
11%
fästningin
9%
fästninki
7%
Ehtoja vastaavia visoja ei löytynyt
Tulosjakauma
Jokaisen tuloksen saaneiden osuus
Persentiili vastausten määrän mukaan
Tuloshistoriasi
Et ole pelannut tätä visaa